| 000 | 00506nam a2200181Ia 4500 | ||
|---|---|---|---|
| 003 | OSt | ||
| 005 | 20260325110847.0 | ||
| 008 | 211028s2006 xx 000 0 und d | ||
| 040 | _cAIMIT LIBRARY | ||
| 041 | _aeng | ||
| 082 | _a658.15 DSOA | ||
| 100 |
_aDsouza, Shanthi Delphine;Dias, Beena. _g40911116 _95629 |
||
| 245 | _aA study on comparison of forecast errors using technical analysis / | ||
| 260 |
_bDias, Beena _c2006 |
||
| 600 |
_aFinance _95630 |
||
| 650 |
_aFinance _95631 |
||
| 942 |
_2ddc _cPRO |
||
| 999 |
_c217968 _d217968 |
||